|
|
|
|
| LEADER |
00000nam0a2200000 4500 |
| 001 |
186859 |
| 005 |
20231101224023.0 |
| 010 |
|
|
|b 2100 экз.
|
| 035 |
|
|
|a (RuTPU)RU\TPU\book\202734
|
| 035 |
|
|
|a RU\TPU\tpu\7334
|
| 090 |
|
|
|a 186859
|
| 100 |
|
|
|a 20101103d1932 km y0rusy50 ca
|
| 101 |
0 |
|
|a rus
|
| 102 |
|
|
|a RU
|
| 105 |
|
|
|a a z 000zy
|
| 200 |
1 |
|
|a Бани и купальни. Проектирование. Расчет
|d Badeanstalten und Bader. Entwurfe und Berechnungen der technisechen Einrichtungen
|f А. Д. Крячков
|
| 210 |
|
|
|a Томск
|c КУБУЧ
|d 1932
|
| 215 |
|
|
|a 399 с.
|c ил.
|
| 320 |
|
|
|a Библиогр.: с. 393-394
|
| 510 |
1 |
|
|a Badeanstalten und Bader. Entwurfe und Berechnungen der technisechen Einrichtungen
|z ger
|
| 606 |
1 |
|
|a Бани
|x Проекты и чертежи
|2 stltpush
|3 (RuTPU)RU\TPU\subj\28041
|9 51655
|
| 606 |
1 |
|
|a Коммунальные здания и сооружения
|2 stltpush
|3 (RuTPU)RU\TPU\subj\14851
|9 41173
|
| 610 |
1 |
|
|a труды учёных ТПУ
|
| 610 |
1 |
|
|a коллекция ТПУ
|
| 610 |
1 |
|
|a бани
|
| 610 |
1 |
|
|a история развития
|
| 610 |
1 |
|
|a оборудование
|
| 610 |
1 |
|
|a инвентарь
|
| 610 |
1 |
|
|a помещения
|
| 610 |
1 |
|
|a водоснабжение
|
| 610 |
1 |
|
|a бассейны
|
| 610 |
1 |
|
|a пляжи
|
| 675 |
|
|
|a 725.7
|v 3
|
| 675 |
|
|
|a 725.1
|v 3
|
| 700 |
|
1 |
|a Крячков
|b А. Д.
|c русский архитектор
|f 1876-1950
|g Андрей Дмитриевич
|2 stltpush
|3 (RuTPU)RU\TPU\pers\12775
|
| 801 |
|
0 |
|a RU
|b 63413507
|c 20011210
|g PSBO
|
| 801 |
|
2 |
|a RU
|b 63413507
|c 20201215
|g PSBO
|
| 942 |
|
|
|c BK
|